Heisman Trophy Winners Since 2000 - Statistics

General Stats
  • This quiz has been taken 154 times
    139 since last reset
  • The average score is 15 of 22
Answer Stats
Year College Position Player % Correct
2020 Alabama WR DeVonta Smith
92%
2019 LSU QB Joe Burrow
90%
2017 Oklahoma QB Baker Mayfield
89%
2016 Louisville QB Lamar Jackson
89%
2018 Oklahoma QB Kyler Murray
84%
2007 Florida QB Tim Tebow
84%
2010 Auburn QB Cam Newton
83%
2013 Florida State QB Jameis Winston
83%
2012 Texas A&M QB Johnny Manziel
83%
2014 Oregon QB Marcus Mariota
83%
2015 Alabama RB Derrick Henry
82%
2011 Baylor QB Robert Griffin III
81%
2006 Ohio State QB Troy Smith
80%
2005 *Vacated USC RB Reggie Bush
78%
2021 Alabama QB Bryce Young
77%
2008 Oklahoma QB Sam Bradford
60%
2004 USC QB Matt Leinart
58%
2002 USC QB Carson Palmer
51%
2001 Nebraska QB Eric Crouch
27%
2003 Oklahoma QB Jason White
27%
2000 Florida State QB Chris Weinke
25%
2009 Alabama RB Mark Ingram Jr.
7%
No matching quizzes found
Score Distribution
Percent of People with Each Score
Percentile by Number Answered
Your Score History
You have not taken this quiz since the last reset